Presidents of East Timor by Picture - Statistics

General Stats
  • This quiz has been taken 13 times
  • The average score is 7 of 8
Answer Stats
Picture Hint Answer % Correct
2007-2012 | 2022-Present José Ramos-Horta
100%
2002-2007 Xanana Gusmão
100%
1975-1978 Nicolau dos Reis Lobato
86%
2012-2017 Taur Matan Ruak
86%
2008 Fernando de Araújo
71%
2017-2022 Francisco Guterres
71%
1975 Francisco Xavier do Amaral
71%
2008 Vicente Gueterres
71%
No matching quizzes found
Score Distribution
Percent of People with Each Score
Percentile by Number Answered
Your Score History
You have not taken this quiz